Top 20 Men's Pole Vault - Statistics

General Stats
  • This quiz has been taken 13 times
  • The average score is 5 of 20
Answer Stats
RANK MARK Answer NAT DATE POS VENUE % Correct
1 6.28 Armand DUPLANTIS SWE 15 JUN 2025 1 Olympiastadion, Stockholm (SWE)
100%
2 6.16 Renaud LAVILLENIE FRA 15 FEB 2014 1 Donetsk (UKR) (i)
75%
3 6.15 Sergey BUBKA UKR 21 FEB 1993 1 Donetsk (UKR) (i)
67%
7 6.05 Emmanouil KARALIS GRE 22 MAR 2025 2 Sports Training Center, Nanjing (CHN) (i)
58%
5 6.06 Sam KENDRICKS USA 27 JUL 2019 1 Drake Stadium, Des Moines, IA (USA)
58%
4 6.07 KC LIGHTFOOT USA 02 JUN 2023 1 Vanderbilt Track, Nashville, TN (USA)
33%
15 6.02 Piotr LISEK POL 12 JUL 2019 1 Stade Louis II, Monaco (MON)
33%
12 6.03 Thiago BRAZ BRA 15 AUG 2016 1 Estádio Olímpico, Rio de Janeiro (BRA)
25%
7 6.05 Christopher NILSEN USA 05 MAR 2022 1 Complexe Kindarena, Rouen (FRA) (i)
17%
17 6.01 Björn OTTO GER 05 SEP 2012 1 Aachen (GER)
8%
7 6.05 Dmitri MARKOV AUS 09 AUG 2001 1 Commonwealth Stadium, Edmonton (CAN)
8%
7 6.05 Maxim TARASOV RUS 16 JUN 1999 1 Athina (GRE)
8%
5 6.06 Steven HOOKER AUS 07 FEB 2009 1f1 Boston, MA (USA) (i)
8%
17 6.01 Timothy MACK USA 18 SEP 2004 1 Stade Louis II, Monaco (MON)
8%
11 6.04 Brad WALKER USA 08 JUN 2008 1 Eugene, OR (USA)
0%
17 6.01 Igor TRANDENKOV RUS 03 JUL 1996 1 St. Petersburg (RUS)
0%
12 6.03 Jeff HARTWIG USA 14 JUN 2000 1 Jonesboro, AR (USA)
0%
12 6.03 Okkert BRITS RSA 18 AUG 1995 1 Köln (GER)
0%
15 6.02 Rodion GATAULLIN URS 04 FEB 1989 1 Gomel (BLR) (i)
0%
17 6.01 Yevgeniy LUKYANENKO RUS 01 JUL 2008 1 Zdzisław Krzyszkowiak Stadium, Bydgoszcz (POL)
0%
No matching quizzes found
Score Distribution
Percent of People with Each Score
Percentile by Number Answered
Your Score History
You have not taken this quiz